LEADER 01271nas a2200253 i 4500 001 000000000026 003 CaOOAMICUS 005 20210506155228.0 008 180830c19789999it zn u0 z|ita u 040 $aSeMil$bita 245 00$aQuaderni di studi e memorie$h[generale di collana] /$ca cura della Scuola di teologia del Seminario di Bergamo. 260 $aBergamo :$bEdizioni del Seminario,$c1978-1988. 264 21$aCasale Monferrato :$bPiemme,$c1988-1992. 264 1$aMilano :$bGlossa,$c1997- 300 $av. ;$c21 cm. 710 2 $aSeminario Vescovile : Scuola di teologia.$0(OLS)http://semarc/name/27 830 0$aQuaderni di studi e memorie.$0(OLS)http://semarc/title/46 850 $aSeMil 852 $aSeMil$W1$xVenegono$y1$mVedi "Titolo uniforme di collana" per le collocazioni dei singoli volumi$j222888$qSottoscrizione aperta$B235664$CSeMilBibl$Z2$F235664 $81 996 $6245$aQuaderni di studi e memorie$h[generale di collana]$9(OLS)http://semarc/title/47 996 $6264$aMilano :$bGlossa$9(OLS)http://semarc/publisher/29635 996 $6260$aBergamo :$bEdizioni del Seminario$9(OLS)http://semarc/publisher/41372 996 $6264$aCasale Monferrato :$bPiemme$9(OLS)http://semarc/publisher/29798 LEADER 01512nam a2200325 i 4500 001 000000180761 003 CaOOAMICUS 005 20090724000000.0 008 090724s1960 fr u000 u mul u 013 $a158468 040 $aSeMil$bita 100 1 $aDombart, Bernhard,$d<1832-1907>.$0(OLS)http://semarc/name/53020 245 10$aTriomphe de la cité céleste /$cTexte de la 4. édition de B. Dombart et A. Kalb ; introduction générale et notes par G. Bardy ; traduction française de G. Combès. 300 $a964 p. 490 0 $aBibliothèque augustinienne 700 1 $aKalb, Alfons,$d<1876-1939>.$0(OLS)http://semarc/name/66876 700 1 $aCombès, G.$0(OLS)http://semarc/name/66875 700 1 $aBardy, Gustave <1881-1955>.$0(OLS)http://semarc/name/3485 700 0 $aAugustinus, Aurelius,$c.$0(OLS)http://semarc/name/498 773 0 $tOeuvres de Saint Augustin.$dParis : Desclée de Brouwer, [195?]$kBibliothèque augustinienne$g37$w()21753 773 0 $tCité de Dieu.$dParis : Desclée de Brouwer, [195?]$kBibliothèque augustinienne$gLivres$w()21754 830 0$aBibliothèque augustinienne.$0(OLS)http://semarc/title/571 850 $aSeMil 852 $aSeMil$W1$xVenegono$y1$m2S I 307$j131509$B131509$CSeMilBibl$Z2$F143384 $81 900 1 $aAgostino : d'Ippona. 900 1 $aSant'Agostino. 961 $aOmaggio: Altro 996 $6245$aTriomphe de la cité céleste$9(OLS)http://semarc/title/259592